000 01012nam a2200301 a 4500
001 50236
003 BD-RjUL
005 20211209075458.0
008 160824s1978 nyu b 001 0 eng
020 _a0582280036
_c: $ 5.95
035 _a(BD-RjUL) 50356
040 _aDLC
_cDLC
_dDLC
_dBD-RjUL
_beng
041 _aeng
082 0 0 _a371.97
_223
_bALE 1978
100 1 _aAltbach, Philip G.
_9150580
245 1 0 _aEducation and colonialism /
_cPhilip G. Altbach, Gail P. Kelly.
260 _aNew York :
_bLongman,
_cc1978.
300 _aviii, 372 p. ;
_c21 cm.
490 0 _aEducational policy, planning, and theory
500 _aIncludes index.
504 _aBibliography: p. 355-363.
650 0 _aMinorities
_xEducation
_zUnited States
_xHistory.
_9150581
650 0 _aWomen
_xEducation
_zUnited States
_xHistory.
_9150582
650 0 _aEducation
_zDeveloping countries.
_9150583
700 1 _aKelly, Gail Paradise.
_9150584
830 _aEducational policy, planning, and theory
_9150585
942 _2ddc
_cBK
999 _c50236
_d50236